| 000 | 00470nam a2200157 i 4500 | ||
|---|---|---|---|
| 001 | 36323 | ||
| 003 | ES-MaACL | ||
| 005 | 20230906155339.0 | ||
| 007 | t| | ||
| 008 | 030217s1908 fr ||||1| fre d | ||
| 100 | 1 |
_aBrutails, Jean Auguste. _932232 |
|
| 245 | 1 | 0 |
_aPrécis d'archéologie du moyen-âge / _cpar Jean Auguste Brutails. |
| 260 |
_aParisToulouse : _b[s.n.], _c1908 ( _fImp. Douladoure-Privat) |
||
| 300 |
_aXV, 281 p. ; _c23 cm. |
||
| 852 |
_aES-MaACL _jF-10217 |
||
| 999 |
_c36323 _d36323 |
||